Feng Shui for interiors

Bibliographic Details
Main Author: Lillian Too
Format: Book
Published: KL : Konsep Lagenda Sdn Bhd , 2010
Subjects:

MARC

LEADER 00000cam a2200000 7i4500
001 0000031158
005 20111011.0
008 111011
020 |a 9673290680 
090 0 0 |a 133.3337   |b LIL 
100 1 |a Lillian Too 
245 1 0 |a Feng Shui for interiors   |c Lillian Too 
260 |a KL :   |b Konsep Lagenda Sdn Bhd ,   |c 2010 
650 0 |a Feng Shui 
999 |a 0001126032   |b Book   |c Adult Collection   |e Perbadanan Perpustakaan Awam Johor